| 000 -ლიდერი |
| ფიქსირებული სიგრძის საკონტროლო ველი |
01217nam a2200265Ia 4500 |
| 001 - საკონტროლო ნომერი |
| საკონტროლო ველი |
20315 |
| 003 - საკონტროლო ნომრის იდენტიფიკატორი |
| საკონტროლო ველი |
GE_BSU |
| 005 - ბოლო ოპერაციის თარიღი და დრო |
| საკონტროლო ველი |
20200906152656.0 |
| 008 - ფიქსირებული სიგრძის მონაცემთა ელემენტები - ზოგადი ინფორმაცია |
| ფიქსირებული სიგრძის საკონტროლო ველი |
181216s1978||||ge |||||||||||||| ||geo|| |
| 040 ## - კატალოგიზაციის წყარო |
| Transcribing agency |
GE_BSU |
| 041 ## - ენის კოდი |
| Language code of text/sound track or separate title |
geo |
| 080 ## - უნივერსალური ათობითი კლასიფიკაციის ინდექსი |
| Universal Decimal Classification number |
811.353.1'373 + 634.8(038) ა-87 |
| 100 ## - მთავარი ჩანაწერი - პიროვნების სახელი |
| Personal name |
ასათიანი, ლილი |
| 9 (RLIN) |
9404 |
| 245 ## - ცნობა სათაურის შესახებ |
| Title |
ვაზის კულტურასთან დაკავშირებული ლექსიკა ქართულში : |
| Remainder of title |
მასალები / |
| Statement of responsibility, etc |
ლილი ასათიანი ; რედ. მ. ჭაბაშვილი. |
| 260 ## - გამოქვეყნების, გავრცელების, და სხვა. ცნობები |
| Place of publication, distribution, etc |
თბილისი |
| 260 ## - გამოქვეყნების, გავრცელების, და სხვა. ცნობები |
| Name of publisher, distributor, etc |
მეცნიერება |
| 260 ## - გამოქვეყნების, გავრცელების, და სხვა. ცნობები |
| Date of publication, distribution, etc |
1978 |
| 300 ## - ფიზიკური აღწერა |
| Extent |
201გვ. ; 21სმ. |
| 653 ## - INDEX TERM--UNCONTROLLED |
| Uncontrolled term |
ვაზის კულტურასთან დაკავშირებული ლექსიკა ქართულში |
| 653 ## - INDEX TERM--UNCONTROLLED |
| Uncontrolled term |
ქართული ენა |
| 710 ## - ADDED ENTRY--CORPORATE NAME |
| Corporate name or jurisdiction name as entry element |
საქართველოს სსრ მეცნიერებათა აკადემია |
| 9 (RLIN) |
9405 |
| 710 ## - ADDED ENTRY--CORPORATE NAME |
| Corporate name or jurisdiction name as entry element |
ენათმეცნიერების ინსტიტუტი |
| 9 (RLIN) |
9406 |
| 942 ## - ADDED ENTRY ELEMENTS (KOHA) |
| Koha item type |
წიგნი |
| Source of classification or shelving scheme |
|